LEADER 01776nam0 2200409 i 450 001 VAN0115011 005 20220314115920.669 017 70$2N$a978-3-319-47620-9 100 $a20180220d2016 |0itac50 ba 101 $aeng 102 $aCH 105 $a|||| ||||| 200 1 $aMultivariable dynamic calculus on time scales$fMartin Bohner, Svetlin G. Georgiev 210 $a[Cham]$cSpringer$d2016 215 $aXIII, 603 p.$d24 cm 500 1$3VAN0242933$aMultivariable dynamic calculus on time scales$91523477 606 $a26D15$xInequalities for sums, series and integrals [MSC 2020]$3VANC019776$2MF 606 $a26-XX$xReal functions [MSC 2020]$3VANC019778$2MF 606 $a26E70$xReal analysis on time scales or measure chains [MSC 2020]$3VANC033780$2MF 610 $aIntegral equations$9KW:K 610 $aMultivariable calculus$9KW:K 610 $aPartial differential equations$9KW:K 610 $aSingle-variable calculus$9KW:K 610 $aTime scales$9KW:K 620 $aCH$dCham$3VANL001889 700 1$aBohner$bMartin$3VANV087943$0755985 701 1$aGeorgiev$bSvetlin G.$3VANV080421$0755241 712 $aSpringer $3VANV108073$4650 790 1$aGeorgiev, Svetlin$zGeorgiev, Svetlin G.$3VANV088906 801 $aIT$bSOL$c20240614$gRICA 856 4 $uhttp://dx.doi.org/10.1007/978-3-319-47620-9$zE-book ? Accesso al full-text attraverso riconoscimento IP di Ateneo, proxy e/o Shibboleth 899 $aBIBLIOTECA CENTRO DI SERVIZIO SBA$2VAN15 912 $fN 912 $aVAN0115011 950 $aBIBLIOTECA CENTRO DI SERVIZIO SBA$d15CONS SBA EBOOK 2386 $e15EB 2386 20180220 996 $aMultivariable dynamic calculus on time scales$91523477 997 $aUNICAMPANIA LEADER 02965nam0 22005533i 450 001 VAN00169802 005 20240806101033.91 017 70$2N$a9783319332765 100 $a20210701d2016 |0itac50 ba 101 $aeng 102 $aCH 105 $a|||| ||||| 200 1 $aQualitative Theory of Dynamical Systems, Tools and Applications for Economic Modelling$eLectures Given at the COST Training School on New Economic Complex Geography at Urbino, Italy, 17-19 September 2015$fGian Italo Bischi, Anastasiia Panchuk, Davide Radi editors 210 $aCham$cSpringer$d2016 215 $axvi, 327 p.$cill.$d24 cm 410 1$1001VAN00133298$12001 $aSpringer Proceedings in Complexity$1210 $aBerlin [etc.]$cSpringer 500 1$3VAN00169815$aQualitative Theory of Dynamical Systems, Tools and Applications for Economic Modelling$91813275 606 $a00B25$xProceedings of conferences of miscellaneous specific interest [MSC 2020]$3VANC020732$2MF 606 $a34Cxx$xQualitative theory for ordinary differential equation [MSC 2020]$3VANC020690$2MF 606 $a37-XX$xDynamical systems and ergodic theory [MSC 2020]$3VANC020363$2MF 606 $a37C10$xDynamics induced by flows and semiflows [MSC 2020]$3VANC022343$2MF 606 $a37N40$xDynamical systems in optimization and economics [MSC 2020]$3VANC033693$2MF 606 $a39A60$xApplications of difference equations [MSC 2020]$3VANC031242$2MF 610 $aCOST Action IS1104$9KW:K 610 $aComplex Economic Geography$9KW:K 610 $aComplex Economic Systems$9KW:K 610 $aContinuous-time Dynamical Systems$9KW:K 610 $aDecision-driven Evolving Systems$9KW:K 610 $aDiscrete-time Dynamical Systems$9KW:K 610 $aDynamical Systems and Optimal Control$9KW:K 610 $aEconomic Dynamics$9KW:K 610 $aEvent-driven Evolving Systems$9KW:K 610 $aGeocomplexity Proceedings$9KW:K 610 $aNonlinear Socioeconomic Dynamics$9KW:K 610 $aRegional and Spatial Economics$9KW:K 620 $aCH$dCham$3VANL001889 702 1$aBischi$bGian Italo$3VANV054268 702 1$aPanchuk$bAnastasiia$3VANV153530 702 1$aRadi$bDavide$3VANV153531 712 12$aCOST Training School on New Economic Complex Geography$f2015$eUrbino, Italy$3VANV153532 712 $aSpringer $3VANV108073$4650 801 $aIT$bSOL$c20241115$gRICA 856 4 $uhttp://doi.org/10.1007/978-3-319-33276-5$zE-book ? Accesso al full-text attraverso riconoscimento IP di Ateneo, proxy e/o Shibboleth 899 $aBIBLIOTECA DEL DIPARTIMENTO DI MATEMATICA E FISICA$1IT-CE0120$2VAN08 912 $fN 912 $aVAN00169802 950 $aBIBLIOTECA DEL DIPARTIMENTO DI MATEMATICA E FISICA$d08DLOAD e-book 2826 $e08eMF2826 20210701 996 $aQualitative Theory of Dynamical Systems, Tools and Applications for Economic Modelling$91813275 997 $aUNICAMPANIA